Reprezentację po piłkarzu poziom trudny - Statystyki

Ogólne statystyki
  • Ten quiz został rozwiązany 86 razy
  • Średni wynik to 10 z 15
Statystyki odpowiedzi
Piłkarz Reprezentacja % Poprawnych
Nicola Zalewski Polska
96%
Martin Odegaard Norwegia
89%
Alexandre Lacazette Francja
87%
Maya Yoshida Japonia
86%
Salman Al-Faraj Arabia Saudyjska
84%
Bukayo Saka Anglia
82%
Julian Baumgartlinger Austria
76%
Karim Bellarabi Niemcy
73%
Gabriel Martinelli Brazylia
71%
Andres Guardado Meksyk
66%
Etrit Berisha Albania
53%
Romain saiss Maroko
52%
Luca Gemello Włochy
52%
Daley Sinkgraven Holandia
48%
Demba Seck Senegal
25%
Nie znaleziono quizów pasujących do podanych kryteriów
Rozkład punktacji
Procent ludzi z każdym wynikiem
Percentyl według liczby udzielonych odpowiedzi
Twoja historia wyników
Nie rozwiązałeś tego quizu